[Event "BL2-Nord 0203"]
[Site "Germany"]
[Date "2002.11.17"]
[Round "2.7"]
[White "Borik, Otto"]
[Black "Bach, Matthias"]
[Result "1-0"]
[WhiteElo "2411"]
[BlackElo "2342"]
[PlyCount "113"]
[EventDate "2002.10.20"]
[EventType "team-tourn"]
[EventRounds "9"]
[EventCountry "GER"]
[SourceTitle "EXT 2004"]
[Source "ChessBase"]
[SourceDate "2003.11.25"]
[SourceVersion "1"]
[SourceVersionDate "2003.11.25"]
[SourceQuality "1"]
[WhiteTeam "Bremer SG"]
[BlackTeam "Hamburger SK II"]
[WhiteTeamCountry "GER"]
[BlackTeamCountry "GER"]

1. d4 d5 2. c4 e6 3. Nf3 c5 4. cxd5 exd5 5. g3 Nc6 6. Bg2 Nf6 7. 0-0 Be7 8. dxc5 Bxc5 9. Nc3 0-0 10. Bf4 d4 11. Na4 Be7 12. Ne5 Bd7 13. Nxd7 Qxd7 14. Rc1 Nd5 15. Bd2 Rad8 16. Qb3 Nf6 17. Rfd1 Rfe8 18. Qb5 Bf8 19. Nc5 Bxc5 20. Rxc5 Ne4 21. Rcc1 Re5 22. Qd3 Nc5 23. Qa3 Ne6 24. Bf3 Ng5 25. Bxg5 Rxg5 26. Qa4 Rg6 27. Rc5 Qe7 28. Rb5 Rgd6 29. Kg2 h6 30. Qa3 a6 31. Rb6 Qd7 32. Qa4 Qc7 33. Rb3 R8d7 34. Rc1 Re7 35. Rd3 g6 36. Rcd1 b5 37. Qc2 Qb6 38. Qd2 Ne5 39. Rxd4 Rf6 40. Rd8+ Kg7 41. Qd4 Qe6 42. Rd6 Qf5 43. Rxf6 Qxf6 44. Bd5 Rd7 45. Rc1 Qd6 46. e4 f6 47. Qc3 Nf7 48. Qc8 Nd8 49. Rc6 Qe7 50. Rxa6 Rxd5 51. exd5 Qe4+ 52. Kh3 Nf7 53. Ra7 Qh1 54. Qd7 Qf1+ 55. Kh4 Qc4+ 56. g4 g5+ 57. Kh5 1-0

[Event "BL2-Nord 0203"]
[Site "Germany"]
[Date "2002.10.20"]
[Round "1.7"]
[White "Issing, Peter"]
[Black "Borik, Otto"]
[Result "0-1"]
[WhiteElo "2249"]
[BlackElo "2411"]
[PlyCount "132"]
[EventDate "2002.10.20"]
[EventType "team-tourn"]
[EventRounds "9"]
[EventCountry "GER"]
[SourceTitle "EXT 2004"]
[Source "ChessBase"]
[SourceDate "2003.11.25"]
[SourceVersion "1"]
[SourceVersionDate "2003.11.25"]
[SourceQuality "1"]
[WhiteTeam "Werder Bremen II"]
[BlackTeam "Bremer SG"]
[WhiteTeamCountry "GER"]
[BlackTeamCountry "GER"]

1. d4 Nf6 2. c4 e6 3. Nc3 Bb4 4. Nf3 c5 5. g3 0-0 6. Bg2 Ne4 7. Qd3 Qa5 8. Qxe4 Bxc3+ 9. Bd2 Bxd2+ 10. Nxd2 d5 11. cxd5 exd5 12. Qf4 cxd4 13. 0-0 Nc6 14. Nb3 Qb5 15. Rfe1 Be6 16. Qd2 Qa4 17. Red1 Rac8 18. Nxd4 Nxd4 19. Qxd4 Qxd4 20. Rxd4 Rc2 21. Rb4 b6 22. Bf3 Rfc8 23. Kg2 g5 24. Rd1 R8c5 25. g4 R5c4 26. Rb5 Bxg4 27. Rdxd5 h6 28. Re5 Kg7 29. Re7 Bxf3+ 30. Kxf3 Rf4+ 31. Kg2 Kf6 32. Re3 Kg6 33. h3 Rd4 34. Re7 Rdd2 35. Kf3 Kf6 36. Rxa7 Rxe2 37. Rxb6+ Kg7 38. Rbb7 Rxf2+ 39. Ke3 Rce2+ 40. Kd3 Rxb2 41. Rxb2 Rxb2 42. Ke4 Rh2 43. Ra3 Kg6 44. Ra6+ f6 45. Ra3 h5 46. Kd5 h4 47. Kd4 Kf5 48. Rf3+ Kg6 49. a3 Rg2 50. Ke4 Rg1 51. Ke3 Rg2 52. Ke4 Ra2 53. Rc3 f5+ 54. Kd4 Re2 55. Rc6+ Kh5 56. Rc5 Re4+ 57. Kd3 Ra4 58. Rc3 Re4 59. Rc5 Kg6 60. Rc6+ Kf7 61. Ra6 Re6 62. Ra7+ Kf6 63. a4 g4 64. Rb7 g3 65. Rb8 Kg5 66. Rg8+ Kf4 0-1

[Event "CZE-chT 0102"]
[Site "Czech Republic"]
[Date "2002.03.10"]
[Round "9"]
[White "Borik, Otto"]
[Black "Michalek, Jan"]
[Result "1/2-1/2"]
[WhiteElo "2413"]
[BlackElo "2401"]
[PlyCount "26"]
[EventDate "2001.10.20"]
[EventType "team-tourn"]
[EventRounds "11"]
[EventCountry "CZE"]
[SourceTitle "EXT 2019"]
[Source "ChessBase"]
[SourceDate "2018.10.10"]
[SourceVersion "1"]
[SourceVersionDate "2018.10.10"]
[SourceQuality "1"]
[WhiteTeam "Praha Holdia"]
[BlackTeam "Plzen"]
[WhiteTeamCountry "CZE"]
[BlackTeamCountry "CZE"]

1. d4 Nf6 2. c4 g6 3. Nc3 Bg7 4. e4 d6 5. Nf3 0-0 6. Be2 e5 7. 0-0 exd4 8. Nxd4 Re8 9. f3 c6 10. Kh1 Nbd7 11. Bg5 a5 12. Qd2 a4 13. Bh6 Bh8 1/2-1/2

[Event "CZE-chT 0102"]
[Site "Czech Republic"]
[Date "2002.03.09"]
[Round "8"]
[White "Choleva, Zdenek"]
[Black "Borik, Otto"]
[Result "1-0"]
[WhiteElo "2277"]
[BlackElo "2413"]
[PlyCount "119"]
[EventDate "2001.10.20"]
[EventType "team-tourn"]
[EventRounds "11"]
[EventCountry "CZE"]
[SourceTitle "EXT 2019"]
[Source "ChessBase"]
[SourceDate "2018.10.10"]
[SourceVersion "1"]
[SourceVersionDate "2018.10.10"]
[SourceQuality "1"]
[WhiteTeam "Praha Bohemians"]
[BlackTeam "Praha Holdia"]
[WhiteTeamCountry "CZE"]
[BlackTeamCountry "CZE"]

1. b3 e5 2. Bb2 Nc6 3. e3 Nf6 4. Bb5 d6 5. d4 Bd7 6. Ne2 e4 7. d5 Ne5 8. Bxd7+ Qxd7 9. Ng3 Be7 10. Nc3 0-0 11. Ncxe4 Nfg4 12. Qd2 f5 13. Nc3 Bh4 14. 0-0-0 Rae8 15. Kb1 Ng6 16. Rde1 f4 17. exf4 Rxe1+ 18. Qxe1 Nxf4 19. Qg1 Nh3 20. gxh3 Nxf2 21. Nce4 Bxg3 22. Nxg3 Nxh1 23. Qxh1 Qxh3 24. Qg1 Qg4 25. Qe1 h5 26. Qe6+ Qxe6 27. dxe6 h4 28. e7 Re8 29. Nf5 g6 30. Nxh4 Kf7 31. Bd4 Rxe7 32. Bf2 Re2 33. Bg3 g5 34. Nf5 Re4 35. c3 Ke6 36. Nd4+ Kd5 37. Nb5 Re7 38. Nxa7 Rf7 39. Nb5 Kc6 40. Nd4+ Kd7 41. c4 Rf1+ 42. Kc2 Ra1 43. a4 Ra2+ 44. Kc3 Ra1 45. Nf3 g4 46. Ne1 c6 47. Nc2 Rc1 48. Kb2 Rd1 49. Ne3 Rd4 50. Nf5 Rd3 51. Kc2 Rf3 52. Nxd6 b6 53. c5 bxc5 54. Nc4 Kc8 55. Ne5 Re3 56. Nxg4 Re4 57. Ne5 Kb7 58. Kd3 Rd4+ 59. Kc3 Re4 60. Nd3 1-0